Storia di Firenze

Gespeichert in:
Bibliographische Detailangaben
1. Verfasser: Davidsohn, Robert (VerfasserIn)
Format: Buch
Sprache:Italienisch
Veröffentlicht: Florencia Sansoni 1956
Schriftenreihe:Classici Della Storia Moderna
Schlagworte:
Tags: Tag hinzufügen
Keine Tags, Fügen Sie den ersten Tag hinzu!

MARC

LEADER 00000nam a2200000 a 4500
001 UCO0881
003 CL-VaPUC
008 000428e19560000IT |||||||||||||||||ita|d
082 0 4 |a 945.51  |b DAV  |2 21 
100 0 |a Davidsohn, Robert  |e author  |9 442472 
245 1 0 |a Storia di Firenze 
300 |a 8 v 
942 |c BK 
945 |d 20000428 00:00:00  |a rherrera 
260 |a Florencia  |b Sansoni  |c 1956 
500 |a v.1: Le Origini 
500 |a v.2: Lotte Sveve 
500 |a v.3: L'Egemonia Guelfa e la Victoria del Popolo 
500 |a v.4: Le ULtime Lotte Contro L'Impero 
500 |a v.7: Il Mondo della Chiesa Spiritualità ed Arte Vita Publica e Privata 
500 |a v.8: Indici 
650 0 |a Historia de Italia  |9 362027 
650 0 |a Historia moderna  |9 268036 
650 7 |a HISTORIA DE FLORENCIA  |2 CL-VaPUC  |9 442473 
650 7 |a ORIGENES  |2 CL-VaPUC  |9 367418 
651 0 |a Italia  |9 254949 
651 0 |a Florencia  |9 265683 
583 |a last modification  |c 20000428 00:00:00  |k Rodrigo Vera 
490 0 |a Classici Della Storia Moderna 
999 |c 287521  |d 287519 
952 |0 0  |1 0  |4 0  |6 945_510000000000000_DAV_1956  |7 0  |8 A  |9 334411  |a BIBHIS  |b BIBHIS  |d 2019-11-20  |h v.1  |i 1267450  |o 945.51 DAV 1956  |p 1267450  |r 2025-01-20  |w 2019-11-20  |y BK  |k HIS 
952 |0 0  |1 0  |4 0  |6 945_510000000000000_DAV_1956  |7 0  |8 A  |9 334412  |a BIBHIS  |b BIBHIS  |d 2019-11-20  |h v.2  |i 1267469  |o 945.51 DAV 1956  |p 1267469  |r 2025-01-20  |w 2019-11-20  |y BK  |k HIS 
952 |0 0  |1 0  |4 0  |6 945_510000000000000_DAV_1956  |7 0  |8 A  |9 334413  |a BIBHIS  |b BIBHIS  |d 2019-11-20  |h v.3  |i 1267477  |o 945.51 DAV 1956  |p 1267477  |r 2025-01-20  |w 2019-11-20  |y BK  |k HIS 
952 |0 0  |1 0  |4 0  |6 945_510000000000000_DAV_1956  |7 0  |8 A  |9 334414  |a BIBHIS  |b BIBHIS  |d 2019-11-20  |h v.4  |i 1267485  |o 945.51 DAV 1956  |p 1267485  |r 2025-01-20  |w 2019-11-20  |y BK  |k HIS 
952 |0 0  |1 0  |4 0  |6 945_510000000000000_DAV_1956  |7 0  |8 A  |9 334415  |a BIBHIS  |b BIBHIS  |d 2019-11-20  |h v.7  |i 1267493  |o 945.51 DAV 1956  |p 1267493  |r 2025-01-20  |w 2019-11-20  |y BK  |k HIS 
952 |0 0  |1 0  |4 0  |6 945_510000000000000_DAV_1956  |7 0  |8 A  |9 334416  |a BIBHIS  |b BIBHIS  |d 2019-11-20  |h v.8  |i 1267507  |o 945.51 DAV 1956  |p 1267507  |r 2025-01-20  |w 2019-11-20  |y BK  |k HIS